000 00607nam a22001817a 4500
005 20260325202350.0
008 260325b |||||||| |||| 00| 0 eng d
020 _a9780324007114
050 _aHF5549
_b.N56
100 _aNkomo, Stella M.
245 _aApplications in Human Resource Management
_bcases, exercises, & skill builders
_cStella M. Nkomo, Myron D. Fottler & R. Bruce McAfee
250 _a4th ed.
260 _aCincinnati
_bSouth-Western College Publishing
_c2000
300 _axvi. 310p.
_bill.
_c23cm
700 _aFottler, Myron D.
700 _aMcAfee, R. Bruce
942 _2lcc
_cBK
_e4th ed.
_n0
999 _c9176
_d9176